000 00439nam a22001577a 4500
008 250131b |||||||| |||| 00| 0 eng d
020 _a9781284280388
050 _aRA651
_b.M47
100 _aMerrill, Ray M.
245 _aIntroduction to Epidemiology / by
_cRay M. Merrill
250 _a9th ed.
260 _aBurlington
_bJones & Bartlett Learning
_c2025
300 _axvii, 363p.
650 _aEpidemiologic methods
942 _2lcc
_cBK
999 _c20586
_d20585